NFL Opening-Day Starting Quarterbacks 2018 - Statistics

General Stats
  • This quiz has been taken 1,368 times
  • The average score is 25 of 32
Answer Stats
Team Quarterback % Correct
Patriots Tom Brady
95%
Packers Aaron Rodgers
93%
Saints Drew Brees
93%
Giants Eli Manning
93%
Lions Matthew Stafford
93%
Chiefs Patrick Mahomes
93%
Seahawks Russell Wilson
93%
Cowboys Dak Prescott
92%
Falcons Matt Ryan
91%
Steelers Ben Roethlisberger
90%
Rams Jared Goff
90%
Ravens Joe Flacco
89%
Chargers Philip Rivers
89%
Panthers Cam Newton
87%
Bengals Andy Dalton
86%
Raiders Derek Carr
86%
Vikings Kirk Cousins
86%
Eagles Nick Foles
82%
Dolphins Ryan Tannehill
82%
Colts Andrew Luck
81%
Texans Deshaun Watson
81%
49ers Jimmy Garoppolo
81%
Jaguars Blake Bortles
73%
Bears Mitch Trubisky
72%
Redskins Alex Smith
69%
Buccaneers Ryan Fitzpatrick
67%
Titans Marcus Mariota
66%
Browns Tyrod Taylor
62%
Jets Sam Darnold
57%
Broncos Case Keenum
34%
Cardinals Sam Bradford
23%
Bills Nathan Peterman
22%
No matching quizzes found
Score Distribution
Percent of People with Each Score
Percentile by Number Answered
Your Score History
You have not taken this quiz